| 000 | 01586cad a22002775a 4500 | ||
|---|---|---|---|
| 001 | L158705 | ||
| 008 | 130206s2015 xxk f 000 0 eng d | ||
| 020 | _a9781783210480 | ||
| 035 | _a(Sirsi) u158705 | ||
| 041 | 0 | _aeng | |
| 110 | 2 |
_aRoyal Institution of Chartered Surveyors _94900 |
|
| 245 |
_aSurveyors acting as experts in commercial rent determinations _bHong Kong _h[electronic resource] |
||
| 260 |
_aLondon _bRICS _c2015 |
||
| 300 | _a23p. | ||
| 490 | 0 | _aRICS Guidance Note | |
| 505 | 2 | _aIntroduction -- Appointment -- Supplementary terms of engagement -- Powers and duties -- Procedure and conduct of determination -- Evidence -- The determination of an expert -- Conflicts of interest | |
| 520 | _aDesigned primarily to assist those who are appointed to act as experts in disputes as to rental value for commercial properties. This guidance note is also intended to assist the parties themselves, and those acting for them, by making them aware of the procedures likely to be followed. This guidance note is issued jointly by The Hong Kong Institute of Surveyors (HKIS) and the Royal Institution of Chartered Surveyors Hong Kong (RICS). Effective from June 2015. | ||
| 590 | _aKA | ||
| 650 | 2 | 4 |
_aExpert witness _96239 |
| 650 | 2 | 4 | _aRENT REVIEWS |
| 651 | 4 | _aHong Kong | |
| 690 |
_aCommercial property _96227 |
||
| 710 | 1 |
_aThe Hong Kong Institute of Surveyors _93822 |
|
| 856 | 4 | 0 |
_uhttps://www.isurv.com/downloads/download/2035/surveyors_acting_as_experts_in_commercial_rent_determinations_hong_kong _zArchived on isurv (subscription required) |
| 942 |
_n0 _2ddc |
||
| 999 |
_c115467 _d115467 |
||